000 00262nam a22001217a 4500
003 SGT
082 _a823
_bGHO
100 _aGHOSH ASTRI
245 _aTHE RATS FEAST A TAGORE OMNIBUS
260 _aINDIA
_bHACHETTE PUB
_c2013
300 _a238
942 _2ddc
_cBK
999 _c33985
_d33985